Responses for Show #9100 - Friday, May 10, 2024

Allison Gross game 4.
Will Stewart game 1.

Contestants

[<< previous game]

Will Stewart, a political organizer originally from Nashville, Tennessee

Jonah Lipton, a writer from Los Angeles, California

Allison Gross, a data scientist from Cleveland, Ohio (whose 3-day cash winnings total $44,598)

[next game >>]

Jeopardy! Round responses

"O" SAY
CAN YOU SEE?
PREPOSITIONAL BOOK TITLES
BIRDPLAY
(Ken: With the correct response in each case, nesting within the words of the clue.)
SPORTS VENUES
PRANKS
    $200 30
Oppenheimer

Will
    $200 29
David Bowie

Allison
    $200 13
Around the World in Eighty Days

Will
    $200 16
an ostrich (in lost riches)

Jonah
    $200 24
golf

Will
    $200 28
pi

Allison
    $400 4
(Annie) Oakley

Allison
    $400 25
Hadrian's Wall

Will
    $400 12
Under the Dome

Jonah
    $400 17
a raven (in crave new)

Will
    $400 22
Lombardi

Allison
    $400 8
Punk'd

Will
    $600 3
John Oliver

Jonah
    $600 23
Juno

Will
    $600 11
About a Boy

Jonah
    $600 26
a swan (in folks wander)

Jonah
    $600 21
(Ken: Lost to the Red Sox, yes.)

Harvard

Jonah
    $600 7
the Liberty Bell

Jonah
    $800 1
Obama

Will
    $800 15
(Jonah: What is Bronco?)
(Allison: What's Corvette?)

a Thunderbird

AllisonJonah
Triple Stumper
    $800 9
For Whom the Bell Tolls

Jonah
    $800 27
eagle (in see a gleam)

Will
    $800 20
Maryland

Allison
    $800 6
Branson

Jonah
    $1000 2
(Ken: Terrible advice, I think.)

Onassis

Jonah
    $1000 14
Copland

Jonah
    $3,000 10
To the Lighthouse

Jonah
    $1000 18
a lark (in Particular kinds)

Triple Stumper
    $1000 19
Roland-Garros

Triple Stumper
    $1000 5
(Ken: Classis [*], yes.)
(Jonah: Classic [*].)

Audubon

Jonah

Scores at the first commercial break (after clue 15):

Allison Jonah Will
-$400 $9,000 $1,400

Scores at the end of the Jeopardy! Round:

Allison Jonah Will
$1,200 $10,400 $4,000

Double Jeopardy! Round responses

THE SOUTHERN HEMISPHERE
BUSINESS NAMES
SINGERS ON FILM
WORLD HISTORY
ART & ARTISTS
TALKING HOT & COLD
    $400 26
Australia

Jonah
    $400 30
CVS

Triple Stumper
    $400 27
Cher

Jonah
    $400 24
Catherine the Great

Allison
    $400 28
a Minotaur

Jonah
    $400 29
the sizzle

Will
    $800 23
(Allison: What is Sahara?)
(Jonah: What is... Atacama?)

Kalahari

AllisonJonahWill
    $6,000 25
(Allison: What is... Firestone?)
(Ken: Sorry, no, they were French--what is [*]?)

Michelin

Allison
    $800 21
Styles

Jonah
    $800 10
the Declaration of Rights of Man

Jonah
    $800 22
The Scream

Will
    $800 16
ICE

Will
    $1200 9
Rio de Janeiro

Will
    $1200 3
Mary Kay

Triple Stumper
    $1200 20
Jennifer Hudson

Triple Stumper
    $1200 6
(Jonah: What is... Mongolia?)

Thailand (Siam)

JonahWill
    $1200 18
reading the Bible

Will
    $1200 15
a Frosty

Allison
    $1600 8
Aconcagua

Will
    $1600 2
Porsche

Triple Stumper
    $1600 12
Neil Diamond

Allison
    $1600 5
the Domesday Book

Jonah
    $1600 17
Homer

Allison
    $4,800 14
scorched earth

Allison
    $2000 7
(Jonah: What is New Guinea?)

East Timor

JonahWill
    $2000 1
Berkshire Hathaway

Allison
    $2000 11
Desperately Seeking Susan

Triple Stumper
    $2000 4
Rastafarianism

Will
    $2000 19
Constable

Jonah
    $2000 13
the torrid zone

Triple Stumper

Scores at the end of the Double Jeopardy! Round:

Allison Jonah Will
$6,000 $12,800 $16,000

[wagering suggestions for these scores]

Final Jeopardy! Round responses

20th CENTURY BOOKS
(Ken: [To Jonah] Truman Capote's true crime classic.)
AllisonWhat is
$6,000
JonahWhat is In Cold Blood? Happy Birthday Ethan!
$12,800
WillWhat is In Cold Blood???
$9,601
In Cold Blood

Final scores:

Allison Jonah Will
$0 $25,600 $25,601
3rd place: $2,000 2nd place: $3,000 New champion: $25,601

Game dynamics:

Coryat scores:

Allison Jonah Will
$8,800 $10,800 $16,000
11 R
(including 1 DD),
3 W
(including 1 DD)
20 R
(including 1 DD),
4 W
19 R,
0 W

Combined Coryat: $35,600

[game clues] [game scores] [suggest correction]

Game tape date: 2024-04-03
The J! Archive is created by fans, for fans. Scraping, republication, monetization, and malicious use prohibited; this site may use cookies and collect identifying information. See terms. The Jeopardy! game show and all elements thereof, including but not limited to copyright and trademark thereto, are the property of Jeopardy Productions, Inc. and are protected under law. This website is not affiliated with, sponsored by, or operated by Jeopardy Productions, Inc. Join the discussion at JBoard.tv.